00727pam a2200217 a 4500020003200000040000800032082002600040100002100066245002600087260003700113300003400150500002000184650002100204650002100225650002100246700002100267856006200288942000700350999001700357952013500374 a0070720738 (acidfree paper) cDLC00a808 HIL 1995 A092 Or.1 aWright, Roberta.10aCrossing boundaries / aNew York :bMcGraw-Hill,cc1995. axvi, 396 p. :bill. ;c24 cm. aIncludes index. 0aEnglish language 0aEnglish language 0aCollege readers.1 aWilliams, Lynda.42uhttp://www.loc.gov/catdir/description/mh022/94034479.html cEK c12392d12392 0010406808_000000000000000_HIL_1995_A094_OR70962038aLBAbLBAcA094d2017-08-12o808 HIL 1995 A094 Or.pA17392r2017-08-12yEK